| 000 | 01071cam a2200349Ia 4500 | ||
|---|---|---|---|
| 001 | 83559 | ||
| 005 | 20230410143408.0 | ||
| 008 | 080716s2008 pr a b 000 0dspa d | ||
| 010 | _a 2009384931 | ||
| 035 | _a(OCoLC)ocn234085662 | ||
| 040 |
_aPBR _cPBR _dPMU _dCUY _dNYP _dDLC |
||
| 020 |
_a1881730689 : _c$27.07 |
||
| 020 | _a9781881730682 | ||
| 035 | _a(OCoLC)234085662 | ||
| 043 | _anwpr--- | ||
| 050 | 1 | 4 |
_aF1976.3.M86 _bL78 2008 |
| 082 | 1 | 4 |
_a972.9505/2092 _aB _222 |
| 049 | _aGRAL | ||
| 245 | 0 | 0 |
_aLuis Muñoz Marín : _bimágenes de la memoria / _cFernando Picó, editor. |
| 250 | _a1. ed. | ||
| 260 |
_aSan Juan, P.R. : _bEMS Editores, _c2008. |
||
| 300 |
_a600 p. : _bill. ; _c24 cm. |
||
| 504 | _aIncludes bibliographical references. | ||
| 600 | 1 | 0 |
_aMuñoz Marín, Luis, _d1898-1980. |
| 610 | 2 | 0 | _aPartido Popular Democrático (P.R.) |
| 651 | 0 |
_aPuerto Rico _xPolitics and government _y20th century. |
|
| 650 | 0 |
_aGovernors _zPuerto Rico _vBiography. |
|
| 700 | 1 | _aPicó, Fernando. | |
| 942 |
_2lcc _cbk |
||
| 994 |
_aC0 _bDRFGD |
||
| 946 | _aRdC | ||
| 999 |
_c100918 _d100918 |
||